| 000 | 00671cam a22002413a 4500 | ||
|---|---|---|---|
| 001 | 39320 | ||
| 003 | PGUSA | ||
| 005 | 20140828083855.0 | ||
| 008 | 120331s2012||||xxu|||||s|||||000 | eng d | ||
| 040 |
_aPGUSA _beng |
||
| 042 | _adc | ||
| 050 | 4 | _aHQ | |
| 100 | 1 |
_aAncillon, Charles, _d1659-1715 |
|
| 245 | 1 | 0 |
_aTraité des eunuques _h[electronic resource] / _cCharles Ancillon |
| 260 |
_bProject Gutenberg, _c2012 |
||
| 506 | _aPublic domain in the USA. | ||
| 516 | _aElectronic text | ||
| 653 | _aEunuchs -- Legal status, laws, etc. | ||
| 653 | _aEunuchs | ||
| 830 | 0 |
_aProject Gutenberg _v39320 |
|
| 856 | 4 | 0 | _uhttp://www.gutenberg.org/ebooks/39320 |
| 942 | _cEB | ||
| 999 |
_c268573 _d268573 |
||